00958nam a22002411 45000010005000000030008000050050017000130080039000300350018000690400023000870410008001100820022001181000045001402450169001852600046003543000032004005040031004326000047004636000047005109420012005579990015005699520132005841416BD-RjUL20211208233332.0131125t19681956nyua b 000 0 eng a(BD-RjUL)1438 aDLCcDLCdDLCbeng aeng00a191216bLAW 19681 aLawrence, Nathaniel Morris,d1917-9418110aWhitehead's philosophical development :ba critical history of the background of Process and reality /c[by] Nathaniel Lawrence. With foreword by Stephen C. Pepper. aNew York,bGreenwood Press,c1968 [c1956] axxi, 370 p.billus.c24 cm. aBibliographical footnotes.10aWhitehead, Alfred North,d1861-1947.9342910aWhitehead, Alfred North,d1861-1947.93429 2ddccBK c1416d1416 00102ddc40718NFICaRUCLbRUCLcReadingd1970-02-10eZeitg140.00l0o191 LAW 1968r2013-11-25 00:00:00tC-1w2021-12-08yBK